| 000 | 00814nam a22002771a 4500 | ||
|---|---|---|---|
| 001 | 398 | ||
| 003 | BD-RjUL | ||
| 005 | 20211208233154.0 | ||
| 008 | 810622s1956 -us 001 0 eng | ||
| 020 | _a0226736830 | ||
| 035 | _a(BD-RjUL)415 | ||
| 035 | _a(OCoLC)14616435 | ||
| 040 |
_aDLC _cDNLM _dOClW _dOCoLC _dDLC _dBD-RjUL _beng |
||
| 041 | _aeng | ||
| 060 | 0 |
_aCD 995 _bS322m 1956 |
|
| 082 | 0 | 4 |
_a025.171 _216 _bSCM 1956 |
| 100 | 1 |
_aSchellenberg, T. R. _q(Theodore R.), _d1903-1970. _91247 |
|
| 245 | 1 | 0 |
_aModern archives : _bprinciples and techniques / _cT. R. Schellenberg |
| 260 |
_aChicago : _bUniv. of Chicago Press, _cc1956. |
||
| 300 |
_axv, 247 p. ; _c20 cm. |
||
| 500 | _aIncludes index. | ||
| 650 | 7 |
_aArchives. _2SLSH _91248 |
|
| 942 |
_2ddc _cBK _01 |
||
| 999 |
_c398 _d398 |
||